Statistiken für Jüngste Bundesliga Torschützen

Klicken Sie hier um das Quiz zu spielen!

Allgemein

  • Dieses Quiz wurde 760 mal gespielt
    (80 seit der letzten Aktualisierung)
  • Das Durchschnittsergebnis liegt bei 13 aus 44

Antwortstatistiken

#VereinDamaliges AlterDatumNationalitätAntwort% Korrekt
2Bayer Leverkusen17 Jahre 01 Monat 03 Tage06.06.2020DeutschlandFlorian Wirtz
99%
1Borussia Dortmund16 Jahre 28 Tage18.12.2020Deutschland/KamerunYoussoufa Moukoko
93%
4FC Bayern München17 Jahre 04 Monate 14 Tage10.09.2022FrankreichMathys Tel
86%
3Borussia Dortmund17 Jahre 02 Monate 21 Tag26.11.2005Türkei/DeutschlandNuri Sahin
86%
9FC Bayern München17 Jahre 06 Monate 23 Tage18.09.2020Deutschland/EnglandJamal Musiala
80%
31Borussia Dortmund18 Jahre 27 Tage21.04.2018EnglandJadon Sancho
69%
14Borussia Dortmund17 Jahre 09 Monate 12 Tage10.04.2021EnglandJude Bellingham
68%
15Bayer Leverkusen17 Jahre 09 Monate 22 Tage02.04.2017DeutschlandKai Havertz
65%
7FC Schalke 0417 Jahre 06 Monate 12 Tage01.04.2011DeutschlandJulian Draxler
62%
10Borussia Dortmund17 Jahre 06 Monate 30 Tage17.04.2016Vereinigte Staaten/KroatienChristian Pulisic
57%
17Borussia Dortmund17 Jahre 10 Monate 06 Tage19.09.2020Vereinigte Staaten/ PortugalGiovanni Reyna
51%
27Borussia Dortmund18 Jahre 04 Tage12.08.2022England/BarbadosJamie Bynoe-Gittens
51%
42Borussia Dortmund18 Jahre 02 Monate 26 Tage29.08.2010DeutschlandMario Götze
47%
8VfB Stuttgart17 Jahre 06 Monate 16 Tage22.09.2013DeutschlandTimo Werner
47%
20Bayer Leverkusen17 Jahre 11 Monate 02 Tage04.04.2014DeutschlandJulian Brandt
39%
11Borussia Dortmund17 Jahre 08 Monate 01 Tag11.03.1994DeutschlandLars Ricken
38%
16Hamburger SV17 Jahre 09 Monate 22 Tage28.10.2017DeutschlandFiete Arp
32%
29FC Schalke 0418 Jahre 17 Tage05.10.2013DeutschlandMax Meyer
30%
5Borussia Dortmund17 Jahre 05 Monate 18 Tage16.04.2022DeutschlandTom Rothe
27%
28FC Bayern München18 Jahre 12 Tage28.08.1999Paraguay/SpanienRoque Santa Cruz
23%
44FC Schalke 0418 Jahre 02 Monate 30 Tage07.11.2009Kamerun/DeutschlandJoel Matip
20%
41VfB Stuttgart18 Jahre 02 Monate 25 Tage24.10.2021Dänemark/AfghanistanWahid Faghir
18%
26SC Freiburg18 Jahre 02 Tage21.01.2012DeutschlandMatthias Ginter
15%
221.FSV Mainz 0517 Jahre 11 Monate 07 Tage24.02.2023Deutschland/AlbanienNelson Weiper
15%
37TSG 1899 Hoffenheim18 Jahre 01 Monat 30 Tage02.11.2013DeutschlandNiklas Süle
15%
6Hertha BSC17 Jahre 06 Monate 03 Tage27.05.2023Deutschland/AlgerienIbrahim Maza
14%
12Borussia Dortmund17 Jahre 08 Monate 07 Tage01.04.1995Ghana/DeutschlandIbrahim Tanko
8%
33SC Freiburg18 Jahre 01 Monat 05 Tage19.02.2005Deutschland/NigeriaDennis Aogo
7%
18Borussia Dortmund17 Jahre 10 Monate 22 Tage21.05.2005DeutschlandMarc-André Kruska
7%
25Hertha BSC17 Jahre 11 Monate 16 Tage12.02.2022DeutschlandLinus Gechter
5%
13Hertha BSC17 Jahre 08 Monate 29 Tage13.02.2021DeutschlandLuca Netz
5%
34SV Waldhof Mannheim18 Jahre 01 Monat 14 Tage26.01.1985Deutschland/ItalienMaurizio Gaudino
5%
19FC Schalke 0417 Jahre 10 Monate 25 Tage12.01.1974DeutschlandRüdiger Abramczik
4%
431.FC Nürnberg18 Jahre 02 Monate 29 Tage08.11.1980DeutschlandThomas Brunner
4%
321.FC Kaiserslautern18 Jahre 28 Tage04.02.2006DeutschlandDaniel Halfar
3%
36Borussia Dortmund18 Jahre 01 Monat 23 Tage05.10.1984DeutschlandDaniel Simmes
1%
21FC Schalke 0417 Jahre 11 Monate 03 Tage20.10.1979DeutschlandWolfram Wuttke
1%
381.FC Nürnberg18 Jahre 02 Monate 01 Tag10.08.1991DeutschlandChristian Wück
0%
401.FC Kaiserslautern18 Jahre 02 Monate 13 Tage01.10.1983DeutschlandHerbert Hoos
0%
30Bayer 05 Uerdingen18 Jahre 21 Tage08.11.1986DeutschlandMarcel Witeczek
0%
35Borussia Mönchengladbach18 Jahre 01 Monat 19 Tage06.09.1996DeutschlandMarco Villa
0%
39VfL Bochum18 Jahre 02 Monate 12 Tage16.03.1997TürkeiNesat Gülünoglu
0%
24VfL Bochum17 Jahre 11 Monate 13 Tage15.09.1984DeutschlandPeter Knäbel
0%
23Borussia Dortmund17 Jahre 11 Monate 13 Tage09.09.1978DeutschlandRalf Augustin
0%

Verteilung der Resultate

Perzentil nach korrekt beantworteten Fragen

Anzahl Personen mit jedem Resultat

Ihre Resultats-Entwicklung

Sie haben dieses Quiz seit der letzten Aktualisierung nicht gespielt